000 00337 a2200157 4500
001 180098
020 _a
040 _cMagnum
100 _aPenteado, Maria Heloísa
240 1 0 _aMadalena pipoca
_lpor
245 1 0 _aMadalena pipoca
362 0 _a1899
440 1 _aÁtica
697 _aMAGNITO: IJ/SOCIEDADE COTIDIAN
942 _cBK
999 _c180098
_d180098